000 00320nam a22001337a 4500
008 181220b xxu||||| |||| 00| 0 eng d
020 _a9781452217901
041 _aeng
080 _a658
100 _a54
101 _aLID
245 _aGroup Work Leadership An Introduction for Helpers
_cConyne,R.K
942 _2udc
_cBK
999 _c53563
_d53563